Statistiques concernant Petit Bac #31 - Régions Françaises

Cliquez ici pour prendre le quiz!

Statistiques générales

  • Ce quiz a été pris 824 fois
  • Le résultat moyen est 9 sur 11

Statistiques - réponses

1ère LettreRégion% Correct
BBretagne / Bourgogne-Franche-Comté
94%
GGrand Est / Guyane / Guadeloupe
90%
IIle-De-France
88%
NNormandie / Nouvelle-Aquitaine
88%
OOccitanie
84%
CCentre-Val De Loire / Corse
82%
PPays De La Loire / Provence-Alpes-Côte d'Azur
81%
HHauts-De-France
79%
MMayotte / Martinique
79%
AAuvergne-Rhône-Alpes
69%
LLa Réunion
48%

Distribution des résultats

Percentile par nombre de réponses

% des personnes avec chaque résultat

Votre développement - résultats

Vous n’avez pas pris ce quiz